| 000 | 00728nam a2200205 a 4500 | ||
|---|---|---|---|
| 001 | 000042188 | ||
| 005 | 20201002040008.0 | ||
| 008 | 131119s1985 sp 000 0 spa d | ||
| 020 | _a8400061144 | ||
| 040 |
_aDO-SdBNP _bspa _cBNPHU |
||
| 100 | 1 |
_aBlázquez, J. M. _969196 |
|
| 245 | 1 | 0 |
_aMosaicos romanos de Navarra / _cpor J. M. Blázquez y M. A. Mezquiriz ; con la colaboración de M. L. Neira, M. Nieto. |
| 260 |
_aMadrid : _bCSIC, _c1985. |
||
| 300 |
_a111 p. (38 lám.) ; _c28 cm. |
||
| 490 | 1 |
_aCorpus de mosaicos de España ; _v7 |
|
| 700 | 1 |
_aMezquiriz, M. A. _ecool. _969197 |
|
| 700 | 1 |
_aNieto, M. _969198 |
|
| 710 | 2 |
_aInstituto Español de Arqueología, _968601 |
|
| 830 | 0 |
_aCorpus de mosaicos de España ; _v7 _968602 |
|
| 999 |
_c41677 _d41677 |
||